000
00296 a2200109 4500
001
ART_42566
005
20260410161629.0
008
260409a
245
1
0
_a
El balance social en Argentina
100
1
_a
Geba, Norma Beatriz
773
0
_t
Enfoques
_g
- NÂș 6 (jun. 2017)
_w
REV416
999
_c
12272
_d
12272